000 00522nam a2200217Ia 4500
003 0100
008 130227s9999 xx 000 0 und d
040 _cARRUPELIB
050 _aD359.H34 1988
100 _aHearder, H.
245 _aEurope in the nineteenth century 1830-1880
250 _a2nd edition
260 _aLondon and New York
260 _bLongman
260 _C1998
300 _axvii
300 _b 490p. 23cm.
650 _bPolitical science--Early works
650 _cUtopias
942 _2lcc
_01
999 _c4296
_d4296